<?xml version="1.0" encoding="UTF-8"?>
<record
    xmlns:xsi="http://www.w3.org/2001/XMLSchema-instance"
    xsi:schemaLocation="http://www.loc.gov/MARC21/slim http://www.loc.gov/standards/marcxml/schema/MARC21slim.xsd"
    xmlns="http://www.loc.gov/MARC21/slim">

  <leader>04638nam a2200445 a 4500</leader>
  <controlfield tag="001">dia_6142</controlfield>
  <controlfield tag="003">CHAP</controlfield>
  <controlfield tag="005">20250528182020.0</controlfield>
  <controlfield tag="007">ta</controlfield>
  <controlfield tag="008">220117s2002    mx d   frm    001 0 spa d</controlfield>
  <datafield tag="010" ind1=" " ind2=" ">
    <subfield code="a">177327</subfield>
  </datafield>
  <datafield tag="040" ind1=" " ind2=" ">
    <subfield code="c">CHAP</subfield>
    <subfield code="a">mxchpua</subfield>
    <subfield code="e">rda</subfield>
  </datafield>
  <datafield tag="041" ind1="0" ind2=" ">
    <subfield code="a">spa</subfield>
    <subfield code="b">eng</subfield>
  </datafield>
  <datafield tag="090" ind1=" " ind2=" ">
    <subfield code="a">Tesis </subfield>
    <subfield code="b">A93 </subfield>
    <subfield code="c">2002</subfield>
  </datafield>
  <datafield tag="100" ind1="1" ind2=" ">
    <subfield code="a">&#xC1;valos Ju&#xE1;rez, Tom&#xE1;s</subfield>
  </datafield>
  <datafield tag="240" ind1="1" ind2="0">
    <subfield code="a">Development of a simulation model of the agroindustrial entrerprise for it's management.</subfield>
    <subfield code="l">Espa&#xF1;ol</subfield>
  </datafield>
  <datafield tag="245" ind1="1" ind2="0">
    <subfield code="a">Desarrollo de un modelo de simulaci&#xF3;n de la empresa agroindustrial para su gesti&#xF3;n /</subfield>
    <subfield code="c">Tom&#xE1;s Avalos Ju&#xE1;rez</subfield>
  </datafield>
  <datafield tag="264" ind1=" " ind2=" ">
    <subfield code="a">Chapingo, M&#xE9;xico :</subfield>
    <subfield code="b">El autor,</subfield>
    <subfield code="c">2002</subfield>
  </datafield>
  <datafield tag="300" ind1=" " ind2=" ">
    <subfield code="a">v, 122 hojas :</subfield>
    <subfield code="b">gr&#xE1;ficas, diagramas, tablas</subfield>
  </datafield>
  <datafield tag="336" ind1=" " ind2=" ">
    <subfield code="2">rdacontent</subfield>
    <subfield code="a">texto</subfield>
    <subfield code="b">txt</subfield>
  </datafield>
  <datafield tag="337" ind1=" " ind2=" ">
    <subfield code="2">rdamedia</subfield>
    <subfield code="a">no mediado</subfield>
    <subfield code="b">n</subfield>
  </datafield>
  <datafield tag="338" ind1=" " ind2=" ">
    <subfield code="2">rdacarrier</subfield>
    <subfield code="a">volumen</subfield>
    <subfield code="b">nc</subfield>
  </datafield>
  <datafield tag="502" ind1=" " ind2=" ">
    <subfield code="a">Tesis </subfield>
    <subfield code="b">(Ingeniero Agroindustrial) -- </subfield>
    <subfield code="c">UACh. Departamento de Ingenier&#xED;a Agroindustrial, </subfield>
    <subfield code="d">2002</subfield>
  </datafield>
  <datafield tag="504" ind1=" " ind2=" ">
    <subfield code="a">Bibliograf&#xED;a: hojas 118-122</subfield>
  </datafield>
  <datafield tag="520" ind1="3" ind2=" ">
    <subfield code="a">La simulaci&#xF3;n es una t&#xE9;cnica que muestra c&#xF3;mo construir modelos de una situaci&#xF3;n real, con la alternativa de realizar experimentos que, de otra forma, serian imposibles o demasiado costosos. En la actualidad existen m&#xFA;ltiples aplicaciones de la simulaci&#xF3;n, los juegos de negocios son un tipo de simulaci&#xF3;n muy importante cuyo desarrollo se ha enfocado en la industria manufacturera la cual no maneja productos perecederos como en el caso de la Industria de alimentos, &#xE9;sto crea la necesidad de identificar las variables que provocan un comportamiento diferente entre ambos tipos de industria, para plantear un modelo inicial de la empresa agroindustrial con base a las variables que determinan su comportamiento. Se realiz&#xF3; una revisi&#xF3;n bibliogr&#xE1;fica de los temas: modelos, simulaci&#xF3;n, juegos de negocios, el sistema empresa agroindustrial y modelos de gesti&#xF3;n estrat&#xE9;gica. Se elabor&#xF3; y aplic&#xF3; un formato de encuesta, se aplic&#xF3; un an&#xE1;lisis de componentes principales, se realiz&#xF3; un contraste entre variables de los dos tipos de industria y se plante&#xF3; el modelo de gesti&#xF3;n estrat&#xE9;gica para una empresa agroindustrial. El modelo de la empresa agroindustrial est&#xE1; constituido por 19 variables dependientes, de las 56 variables independientes propuestas en el formato de encuesta 31 se incluyen en &#xE9;l; 14 afectan internamente a la empresa y 17 a su entorno, lo Cual da como resultado un modelo que difiere en su estructura al de la industria manufacturera y constituye una base para la generaci&#xF3;n de un juego de negocios. --</subfield>
  </datafield>
  <datafield tag="520" ind1="3" ind2=" ">
    <subfield code="a">Simulation is a technique which shows how to set up models of a real situation, whit the alternative of realizing test that in other way, should be impossible or too expensive. Now a days, there are a multiple applications of simulation, business games are a kind of simulation very important which development has been fowsed on the manufacturer industry which doesn't handle perishable products is in case of food industry, this create the need to identify the variables which cause a different behaviour between both kinds of industry to set up an initial model of the agroindustrial enterprise based on the variables that determine it's behaviour. It has been realized bibliographic review about the themes: models, simulation, business games, enterprise agroindustrial system and strategic management models. It has been work out and applied a suvey format, it has been applied an analysis of principal components. It has been realized a contrast between variables from both kinds of industry and set out the strategic management model for an agroindustrial enterprise. The model of the agroindustrial enterprise is set up by 19 dependent variables, from the 56 variables independent proposed in the survey format, 31 are included on it;, 19 affect internally the enterprise and 17 to it's environment, which gives as a result a model, that differ on it's structure from the one manufacturer industry and constitute a base for the generation of a business game. </subfield>
  </datafield>
  <datafield tag="650" ind1="1" ind2="3">
    <subfield code="a">Empresas</subfield>
    <subfield code="x"> Modelos de simulaci&#xF3;n  </subfield>
    <subfield code="2">atg</subfield>
  </datafield>
  <datafield tag="650" ind1="1" ind2="3">
    <subfield code="a">Modelos de gesti&#xF3;n agr&#xED;cola  </subfield>
    <subfield code="2">atg</subfield>
  </datafield>
  <datafield tag="650" ind1="1" ind2="3">
    <subfield code="a">Agricultural management models</subfield>
    <subfield code="2">atg</subfield>
  </datafield>
  <datafield tag="650" ind1="1" ind2="3">
    <subfield code="a">Business enterprises</subfield>
    <subfield code="x">Simulation models  </subfield>
    <subfield code="2">atg</subfield>
  </datafield>
  <datafield tag="700" ind1="1" ind2=" ">
    <subfield code="a">P&#xE9;rez Pelayo, Fernando</subfield>
    <subfield code="e">director</subfield>
  </datafield>
  <datafield tag="700" ind1="1" ind2=" ">
    <subfield code="a">Ponce Hern&#xE1;ndez, Pedro</subfield>
    <subfield code="e">asesor</subfield>
  </datafield>
  <datafield tag="700" ind1="1" ind2=" ">
    <subfield code="a">Ybarra Moncada, Ma. Carmen</subfield>
    <subfield code="e">asesora</subfield>
  </datafield>
  <datafield tag="901" ind1=" " ind2=" ">
    <subfield code="a">TESIS A93 2002</subfield>
  </datafield>
  <datafield tag="902" ind1=" " ind2=" ">
    <subfield code="a">M</subfield>
  </datafield>
  <datafield tag="905" ind1=" " ind2=" ">
    <subfield code="a">5232272002                          mx nm  8223123322spa16</subfield>
  </datafield>
  <datafield tag="942" ind1=" " ind2=" ">
    <subfield code="c">TESIS</subfield>
    <subfield code="2">Clasificaci&#xF3;n Universidad Aut&#xF3;noma Chapingo</subfield>
  </datafield>
  <datafield tag="999" ind1=" " ind2=" ">
    <subfield code="c">177327</subfield>
    <subfield code="d">177327</subfield>
  </datafield>
  <datafield tag="952" ind1=" " ind2=" ">
    <subfield code="0">0</subfield>
    <subfield code="1">0</subfield>
    <subfield code="2">local</subfield>
    <subfield code="4">0</subfield>
    <subfield code="5">5</subfield>
    <subfield code="7">0</subfield>
    <subfield code="8">TESIS</subfield>
    <subfield code="a">IA_</subfield>
    <subfield code="b">IA_</subfield>
    <subfield code="e">El autor</subfield>
    <subfield code="l">0</subfield>
    <subfield code="o">Tesis A93 2002</subfield>
    <subfield code="p">1101009951</subfield>
    <subfield code="r">2026-02-02 00:00:00</subfield>
    <subfield code="t">Ej. 2</subfield>
    <subfield code="y">TESIS</subfield>
  </datafield>
  <datafield tag="952" ind1=" " ind2=" ">
    <subfield code="0">0</subfield>
    <subfield code="1">0</subfield>
    <subfield code="2">local</subfield>
    <subfield code="4">0</subfield>
    <subfield code="5">1</subfield>
    <subfield code="7">0</subfield>
    <subfield code="8">TESIS</subfield>
    <subfield code="a">IA_</subfield>
    <subfield code="b">IA_</subfield>
    <subfield code="e">El autor</subfield>
    <subfield code="l">0</subfield>
    <subfield code="o">Tesis A93 2002</subfield>
    <subfield code="p">1101009950</subfield>
    <subfield code="r">2026-02-02 00:00:00</subfield>
    <subfield code="t">Ej. 1</subfield>
    <subfield code="y">TESIS</subfield>
  </datafield>
</record>
